Normal view
MARC view
Entry Personal Name
001 - CONTROL NUMBER
- control field: 875400
003 - CONTROL NUMBER IDENTIFIER
- control field: OSt
005 - DATE AND TIME OF LATEST TRANSACTION
- control field: 20260114185852.0
008 - FIXED-LENGTH DATA ELEMENTS
- fixed length control field: 260114|| aca||aabn | a|a d
040 ## - CATALOGING SOURCE
- Original cataloging agency: OSt
- Transcribing agency: OSt
100 ## - HEADING--PERSONAL NAME
- Personal name: Diana Mulinari, Nora R„thzel and Khayaat Fakier
670 ## - SOURCE DATA FOUND
- Source citation: Work cat.: (OSt)1474334: Diana Mulinari, Nora R„thzel and Khayaat Fakier, Marxist-Feminist Theories and Struggles Today Essential writings on Intersectionality, Postcolonialism and Ecofeminism, 2020
